000 01233nam a2200265 a 4500
001 41621
003 BD-RjUL
005 20211209053425.0
008 160515s1980 ii ||||| |||| 00| 0 ben d
020 _c: IRs 140.00
035 _a(BD-RjUL)41739
040 _aBD-RjUL
_bben
_cBD-RjUL
041 _aben
082 _223
_a294.59218
_bUPO 1980
245 0 0 _aউপনিষদ্ /
_cঅতুলচন্দ্র সেন, সীতাচন্দ্র তত্ত্বভূষণ, মহেষচন্দ্র ঘোষ অনুবাদ ও সম্পাদিত
250 _aঅখণ্ড সং.
260 _aকলিকাতা :
_bহরফ প্রকাশনী,
_c১৯৮০
300 _a৫৭২ পৃ. ;
_c২১ সেমি.
650 _aউপনিষদ্
_9118431
650 _aUpanishad
_9126429
700 _aসেন, অতুলচন্দ্র, অনুবাদ ও সম্পাদিত
_9127860
700 _aঘোষ, মহেষচন্দ্র, অনুবাদ ও সম্পাদিত
_9127861
700 _aতত্ত্বভূষণ, সীতাচন্দ্র, অনুবাদ ও সম্পাদিত
_9127862
942 _2ddc
_cBK
999 _c41621
_d41621